BIBLIOTECA

SENCICO

Concreto Pre-esforzado (Registro nro. 1037)

Detalles MARC
000 -LEADER
fixed length control field 00695nam a2200265Ia 4500
005 - DATE AND TIME OF LATEST TRANSACTION
control field 20251020182457.0
008 - FIXED-LENGTH DATA ELEMENTS--GENERAL INFORMATION
fixed length control field 200515s9999 xx 000 0 und d
082 ## - DEWEY DECIMAL CLASSIFICATION NUMBER
Classification number 624.072.6/G21
100 ## - MAIN ENTRY--PERSONAL NAME
Personal name Carrillo P., Dina
100 ## - MAIN ENTRY--PERSONAL NAME
Personal name Casabonne R., Carlos
100 ## - MAIN ENTRY--PERSONAL NAME
Personal name Gallegos V., Héctor
100 ## - MAIN ENTRY--PERSONAL NAME
Personal name Lainez-Lozada, Pedro
100 ## - MAIN ENTRY--PERSONAL NAME
Personal name Zegarra C., Luis
245 #0 - TITLE STATEMENT
Title Concreto Pre-esforzado
260 ## - PUBLICATION, DISTRIBUTION, ETC.
Place of publication, distribution, etc. Lima
260 ## - PUBLICATION, DISTRIBUTION, ETC.
Name of publisher, distributor, etc. American Concrete Institute ; Colegio de Ingenieros del Perú
260 ## - PUBLICATION, DISTRIBUTION, ETC.
Date of publication, distribution, etc. 1997
300 ## - PHYSICAL DESCRIPTION
Extent p. irregular
300 ## - PHYSICAL DESCRIPTION
Other physical details il., tbl., graf.
500 ## - GENERAL NOTE
General note 1 ejemplar
650 ## - SUBJECT ADDED ENTRY--TOPICAL TERM
Topical term or geographic name entry element CONCRETO
650 ## - SUBJECT ADDED ENTRY--TOPICAL TERM
Topical term or geographic name entry element CONCRETO PRESFORZADO
942 ## - ADDED ENTRY ELEMENTS (KOHA)
Koha item type Libros
Existencias
Fecha de la última vez que lo usaron Pago total Signatura topográfica completa Código de barras Precio efectivo desde Tipo de documento Estado perdido Estado dañado No es para préstamo Retirado Ubicación permanente Ubicación actual Fecha de adquisición
15/05/2020   624.072.6/G21 Bib-Lima15051037 15/05/2020 Libros         Biblioteca Central Lima Biblioteca Central Lima 15/05/2020